[Event "COMMONWEALTH CHESS CHAMPIONSHI"]
[Site "Nagpur,India"]
[Date "2008.10.06"]
[Round "11.57"]
[White "Minhazuddin, Ahmed"]
[Black "Darpan, Inani"]
[Result "1/2-1/2"]
[WhiteElo "2339"]
[BlackElo "1925"]
[PlyCount "80"]
[EventDate "2008.09.28"]
[Source "MonRoi"]

1. e4 c5 2. Nf3 d6 3. d4 cxd4 4. Nxd4 Nf6 5. Nc3 a6 6. Be2 e5 7. Nb3 Be7 8. Be3
Be6 9. Nd5 Nbd7 10. Qd3 b5 11. O-O O-O 12. f3 Bxd5 13. exd5 Nb6 14. Bxb6 Qxb6+
15. Kh1 Nh5 16. g3 f5 17. f4 e4 18. Qd4 Qxd4 19. Nxd4 Nf6 20. c4 b4 21. Rfd1 g6
22. a3 a5 23. c5 dxc5 24. Ne6 Bd6 25. Nxf8 Kxf8 26. axb4 cxb4 27. Bb5 Ng4 28.
Rdc1 Ke7 29. b3 Nf6 30. Bc6 Ra7 31. Ra2 Bc7 32. Rd1 Kd6 33. Rc2 Bb6 34. Bb5 Bc5
35. Be2 Rc7 36. h3 h5 37. Kg2 Rh7 38. Ra2 Ra7 39. g4 h4 40. Rdd2 g5 1/2-1/2

[Event "COMMONWEALTH CHESS CHAMPIONSHI"]
[Site "Nagpur,India"]
[Date "2008.10.06"]
[Round "11.58"]
[White "Ramakrishna, J."]
[Black "Eswar, R."]
[Result "1-0"]
[WhiteElo "2321"]
[BlackElo "2021"]
[PlyCount "55"]
[EventDate "2008.09.28"]
[Source "MonRoi"]

1. d4 d5 2. c4 e6 3. Nc3 c6 4. Nf3 dxc4 5. e3 b5 6. a4 Bb4 7. Bd2 a5 8. axb5
Bxc3 9. Bxc3 cxb5 10. b3 Bb7 11. d5 Nf6 12. bxc4 b4 13. Bxf6 Qxf6 14. Qa4+ Nd7
15. Nd4 e5 16. Nb3 Ke7 17. Be2 Qd6 18. f4 f6 19. O-O Nb6 20. Qb5 a4 21. Nc5 Bc8
22. Ne4 Qb8 23. Qxb4+ Kd8 24. fxe5 Nd7 25. Qxb8 Rxb8 26. e6 Nb6 27. Rfb1 Ba6
28. Nc5 1-0

[Event "COMMONWEALTH CHESS CHAMPIONSHI"]
[Site "Nagpur,India"]
[Date "2008.10.06"]
[Round "11.59"]
[White "Rahman, Md  Taibur"]
[Black "Rishi, Thariani"]
[Result "1-0"]
[WhiteElo "2307"]
[BlackElo "2021"]
[PlyCount "53"]
[EventDate "2008.09.28"]
[Source "MonRoi"]

1. d4 d5 2. c4 e6 3. Nc3 c6 4. Nf3 dxc4 5. e3 b5 6. a4 Bb4 7. Bd2 a5 8. axb5
Bxc3 9. Bxc3 cxb5 10. b3 Bb7 11. d5 Nf6 12. bxc4 b4 13. Bxf6 Qxf6 14. Qa4+ Nd7
15. Nd4 e5 16. Nb3 Ke7 17. Be2 Qd6 18. f4 f6 19. O-O Nb6 20. Qb5 a4 21. Nc5 Bc8
22. Ne4 Qb8 23. Qxb4+ Kd8 24. fxe5 Nd7 25. Qxb8 Rxb8 26. e6 Nb6 27. Rfb1 1-0

[Event "COMMONWEALTH CHESS CHAMPIONSHI"]
[Site "Nagpur,India"]
[Date "2008.10.06"]
[Round "11.60"]
[White "Deshmukh, Anup"]
[Black "Deepthamsh, Reddy  M"]
[Result "1-0"]
[WhiteElo "2284"]
[BlackElo "2017"]
[PlyCount "45"]
[EventDate "2008.09.28"]
[Source "MonRoi"]

1. c4 e5 2. Nc3 Nf6 3. Nf3 Nc6 4. g3 Bb4 5. Bg2 O-O 6. O-O e4 7. Ng5 Bxc3 8.
bxc3 Re8 9. Qc2 d5 10. cxd5 Qxd5 11. d3 Bf5 12. Rb1 exd3 13. Bxd5 dxc2 14.
Bxf7+ Kh8 15. Rxb7 Re7 16. Rb5 g6 17. Bb3 Nd8 18. e4 Nxe4 19. Nxe4 Bxe4 20. Bg5
Re6 21. Rd5 Bf5 22. Kg2 Rb8 23. h3 1-0

[Event "COMMONWEALTH CHESS CHAMPIONSHI"]
[Site "Nagpur,India"]
[Date "2008.10.06"]
[Round "11.61"]
[White "Koshy, Varugeese"]
[Black "Patil, Pratik"]
[Result "1/2-1/2"]
[WhiteElo "2283"]
[BlackElo "2003"]
[PlyCount "64"]
[EventDate "2008.09.28"]
[Source "MonRoi"]

1. c4 Nf6 2. g3 g6 3. Bg2 d5 4. cxd5 Nxd5 5. Qb3 c6 6. e4 Nc7 7. Ne2 Bg7 8. O-O
O-O 9. Rd1 c5 10. d3 Nc6 11. Be3 b6 12. Nbc3 Bb7 13. a3 Ne6 14. Rab1 Ncd4 15.
Qa2 a5 16. b3 Kh8 17. Qd2 Nxe2+ 18. Nxe2 Nd4 19. b4 axb4 20. axb4 Qd7 21. bxc5
bxc5 22. Bxd4 cxd4 23. Rxb7 Qxb7 24. e5 Qb6 25. Bxa8 Rxa8 26. Qf4 Qb3 27. Re1
Qd5 28. Nxd4 Ra4 29. Re4 Bxe5 30. Qxe5+ Qxe5 31. Rxe5 Rxd4 32. Rxe7 Rxd3
1/2-1/2

[Event "COMMONWEALTH CHESS CHAMPIONSHI"]
[Site "Nagpur,India"]
[Date "2008.10.06"]
[Round "11.62"]
[White "Mohapatra, Sidhant"]
[Black "Arun, Karthik R"]
[Result "0-1"]
[WhiteElo "1995"]
[BlackElo "2277"]
[PlyCount "62"]
[EventDate "2008.09.28"]
[Source "MonRoi"]

1. e4 d6 2. d4 Nf6 3. Nc3 g6 4. Bg5 Bg7 5. Qd2 c6 6. f4 O-O 7. Nf3 b5 8. a3 Bg4
9. Be2 Nbd7 10. O-O a5 11. e5 Ne8 12. h3 Be6 13. Qe3 Nb6 14. b3 Qd7 15. Rfd1
Nc7 16. Qf2 f6 17. Bh4 Bf5 18. Rd2 b4 19. Nd1 Nbd5 20. Bc4 Kh8 21. exf6 exf6
22. Bg3 Bh6 23. Bxd5 Nxd5 24. Ne3 Nc3 25. Nxf5 Qxf5 26. Nh4 Qd5 27. Qf3 Ne4 28.
Rd3 g5 29. Qh5 gxh4 30. Qxh6 hxg3 31. Re1 f5 0-1

[Event "COMMONWEALTH CHESS CHAMPIONSHI"]
[Site "Nagpur,India"]
[Date "2008.10.06"]
[Round "11.63"]
[White "Yashas, D."]
[Black "Thakur, Akash"]
[Result "0-1"]
[WhiteElo "1992"]
[BlackElo "2276"]
[PlyCount "60"]
[EventDate "2008.09.28"]
[Source "MonRoi"]

1. e4 e5 2. Nf3 Nc6 3. Bb5 a6 4. Ba4 Nf6 5. Qe2 d6 6. h3 b5 7. Bb3 Na5 8. d3 g6
9. O-O Bg7 10. Bg5 O-O 11. Nc3 h6 12. Be3 Nh5 13. Qd2 Kh7 14. Nd5 Nxb3 15. axb3
f5 16. Qe2 c6 17. Nb4 Qc7 18. c4 bxc4 19. bxc4 a5 20. Na2 Qf7 21. Nc3 Be6 22.
exf5 gxf5 23. Qc2 Bf6 24. Kh2 Qg6 25. Rg1 f4 26. Bd2 Rg8 27. Ne4 Be7 28. Bc3
Nf6 29. Qe2 Nxe4 30. dxe4 c5 0-1

[Event "COMMONWEALTH CHESS CHAMPIONSHI"]
[Site "Nagpur,India"]
[Date "2008.10.06"]
[Round "11.65"]
[White "Mohammad, Javed"]
[Black "Lobo, Richard A"]
[Result "1-0"]
[WhiteElo "2264"]
[BlackElo "1979"]
[PlyCount "40"]
[EventDate "2008.09.28"]
[Source "MonRoi"]

1. e4 c5 2. Nf3 d6 3. d4 cxd4 4. Nxd4 Nf6 5. Nc3 g6 6. Be3 Bg7 7. f3 O-O 8. Bc4
Nc6 9. Qd2 Bd7 10. h4 Ne5 11. Bb3 Qa5 12. O-O-O Rfc8 13. Kb1 Nc4 14. Bxc4 Rxc4
15. Nb3 Qc7 16. g4 Rc8 17. e5 Rxc3 18. Qxc3 Qxc3 19. bxc3 Ne8 20. exd6 Nxd6 1-0

[Event "COMMONWEALTH CHESS CHAMPIONSHI"]
[Site "Nagpur,India"]
[Date "2008.10.06"]
[Round "11.66"]
[White "Pradip Tiwari"]
[Black "Mari Arul, S."]
[Result "0-1"]
[WhiteElo "1960"]
[BlackElo "2249"]
[PlyCount "34"]
[EventDate "2008.09.28"]
[Source "MonRoi"]

1. e4 e5 2. Nf3 Nc6 3. Bc4 Nf6 4. d3 Bc5 5. c3 a6 6. b4 Ba7 7. h3 O-O 8. Bg5 d6
9. Nbd2 Be6 10. O-O h6 11. Bh4 g5 12. Bg3 g4 13. hxg4 Bxg4 14. Qc2 Nh5 15. Kh2
Qf6 16. Bh4 Qg7 17. g3 Kh8 0-1

[Event "COMMONWEALTH CHESS CHAMPIONSHI"]
[Site "Nagpur,India"]
[Date "2008.10.06"]
[Round "11.67"]
[White "Annurudha, G C."]
[Black "Shristi, J  Shetty"]
[Result "1-0"]
[WhiteElo "2218"]
[BlackElo "1959"]
[PlyCount "99"]
[EventDate "2008.09.28"]
[Source "MonRoi"]

1. d4 Nf6 2. Nf3 e6 3. g3 c5 4. c3 Nc6 5. Bg2 Be7 6. O-O O-O 7. Nbd2 d5 8. a3
a5 9. Ne5 Nxe5 10. dxe5 Nd7 11. f4 Nb6 12. Nf3 Bd7 13. Kh1 Ba4 14. b3 Bc6 15.
Be3 a4 16. b4 Nc4 17. Bf2 cxb4 18. cxb4 f6 19. Nd4 Bd7 20. f5 fxe5 21. fxe6 Bc8
22. Nb5 Bxe6 23. Nc3 d4 24. Nxa4 Rxf2 25. Rxf2 Ne3 26. Qc1 Rxa4 27. Bxb7 Ra7
28. Be4 Rc7 29. Qb1 Bd5 30. Kg1 Bxe4 31. Qxe4 Qc8 32. h3 Bf6 33. Kh2 Rc3 34. a4
Nc2 35. Rb1 Rc4 36. Rc1 Nxb4 37. Rxc4 Qxc4 38. Qa8+ Kf7 39. Qb7+ Ke8 40. a5 Na6
41. h4 Bd8 42. Qxg7 Be7 43. Qxe5 h6 44. Rf6 Kd7 45. Rxh6 Nb4 46. Qe4 Nc6 47. a6
Qxa6 48. Qe6+ Kc7 49. Qxe7+ Nxe7 50. Rxa6 1-0

[Event "COMMONWEALTH CHESS CHAMPIONSHI"]
[Site "Nagpur,India"]
[Date "2008.10.06"]
[Round "11.68"]
[White "Nirmal, E P."]
[Black "Lolla, Sembhu"]
[Result "1-0"]
[WhiteElo "2211"]
[BlackElo "1945"]
[PlyCount "27"]
[EventDate "2008.09.28"]
[Source "MonRoi"]

1. e4 e6 2. d4 g6 3. c4 Bg7 4. Nc3 Ne7 5. d5 d6 6. Be3 e5 7. Qd2 f5 8. f3 Nd7
9. O-O-O Nf6 10. Bd3 c6 11. Kb1 cxd5 12. cxd5 O-O 13. Nge2 fxe4 14. fxe4 1-0

[Event "COMMONWEALTH CHESS CHAMPIONSHI"]
[Site "Nagpur,India"]
[Date "2008.10.06"]
[Round "11.69"]
[White "Thipsay, Bagyashree Sathe"]
[Black "Pratyusha, Bodda"]
[Result "1/2-1/2"]
[WhiteElo "2195"]
[BlackElo "1933"]
[PlyCount "44"]
[EventDate "2008.09.28"]
[Source "MonRoi"]

1. e4 c5 2. Nf3 Nc6 3. d4 cxd4 4. Nxd4 Nf6 5. Nc3 d6 6. Be2 g6 7. Be3 Bg7 8.
Nb3 O-O 9. O-O Be6 10. f4 Rc8 11. Bf3 Nd7 12. g4 a6 13. f5 Bc4 14. Rf2 Nce5 15.
Bg2 b5 16. Bh3 b4 17. Nb1 Bb5 18. N1d2 Bc6 19. g5 a5 20. Nd4 Bb7 21. Qf1 Nc6
22. f6 exf6 1/2-1/2

[Event "COMMONWEALTH CHESS CHAMPIONSHI"]
[Site "Nagpur,India"]
[Date "2008.10.06"]
[Round "11.70"]
[White "Dhar-Barua, Saheli"]
[Black "Santhosbaala, R S."]
[Result "1-0"]
[WhiteElo "2180"]
[BlackElo "1915"]
[PlyCount "61"]
[EventDate "2008.09.28"]
[Source "MonRoi"]

1. e4 c5 2. Nf3 d6 3. d4 cxd4 4. Nxd4 Nf6 5. Nc3 a6 6. Be2 e5 7. Nb3 Be7 8. O-O
O-O 9. Kh1 b6 10. f4 Bb7 11. Bf3 Nbd7 12. a4 Rc8 13. f5 Rxc3 14. bxc3 Nxe4 15.
Qe1 Qa8 16. a5 b5 17. Ba3 Ndf6 18. Rd1 Qc8 19. Rd3 Qxf5 20. Re3 Qg6 21. Nd2
Nxd2 22. Qxd2 e4 23. Be2 Nd7 24. Rg3 Qe6 25. c4 bxc4 26. Bb2 Ne5 27. Qd4 f6 28.
Qb6 Qd5 29. Qc7 Nc6 30. Qxb7 Nxa5 31. Bc3 1-0

[Event "COMMONWEALTH CHESS CHAMPIONSHI"]
[Site "Nagpur,India"]
[Date "2008.10.06"]
[Round "11.71"]
[White "Pon, N  Krithika"]
[Black "Sharath, E."]
[Result "1-0"]
[WhiteElo "2156"]
[BlackElo "1897"]
[PlyCount "67"]
[EventDate "2008.09.28"]
[Source "MonRoi"]

1. e4 c6 2. d4 d5 3. exd5 cxd5 4. Bd3 Nc6 5. c3 Nf6 6. Bg5 e6 7. Nf3 Be7 8.
Nbd2 O-O 9. O-O a6 10. Qc2 h6 11. Bh4 Bd7 12. Rae1 Rc8 13. Qd1 Ne8 14. Bxe7
Qxe7 15. Nb3 Nc7 16. Bb1 g6 17. Nc5 b6 18. Nxd7 Qxd7 19. Qd3 Qe7 20. Ne5 Nxe5
21. Rxe5 b5 22. f4 Qd6 23. Qh3 Kg7 24. Rf3 a5 25. g4 f5 26. Rg3 Kh7 27. gxf5
exf5 28. Rxf5 gxf5 29. Bxf5+ Kh8 30. Rg6 Qxf4 31. Rxh6+ Kg8 32. Rg6+ Kf7 33.
Qh7+ Ke8 34. Qd7# 1-0

[Event "COMMONWEALTH CHESS CHAMPIONSHI"]
[Site "Nagpur,India"]
[Date "2008.10.06"]
[Round "11.72"]
[White "R  K  Gupta"]
[Black "Das, Sayantan"]
[Result "0-1"]
[WhiteElo "1935"]
[BlackElo "2135"]
[PlyCount "23"]
[EventDate "2008.09.28"]
[Source "MonRoi"]

1. d4 d5 2. c4 e5 3. dxe5 d4 4. e3 Bb4+ 5. Ke2 Nc6 6. f4 f6 7. a3 Be7 8. b4
Bg4+ 9. Nf3 fxe5 10. b5 Na5 11. h3 Bf5 12. fxe5 {Score sheet is not clear} 0-1

[Event "COMMONWEALTH CHESS CHAMPIONSHI"]
[Site "Nagpur,India"]
[Date "2008.10.06"]
[Round "11.73"]
[White "Pendalwar, Pankaj"]
[Black "Shubham Lakudkar"]
[Result "1-0"]
[WhiteElo "2115"]
[BlackElo "1885"]
[PlyCount "81"]
[EventDate "2008.09.28"]
[Source "MonRoi"]

1. e4 d5 2. exd5 Qxd5 3. Nc3 Qa5 4. d4 Nf6 5. Nf3 Bg4 6. Bd2 c6 7. Bc4 Qc7 8.
Qe2 e6 9. h3 Bxf3 10. Qxf3 Nbd7 11. O-O-O O-O-O 12. Kb1 Bd6 13. Bb3 Kb8 14. g4
Rhf8 15. g5 Ng8 16. Ne4 Ka8 17. Nxd6 Qxd6 18. Bf4 e5 19. dxe5 Qc5 20. Rhe1 Ne7
21. Rd3 Ng6 22. Rde3 Nxf4 23. Qxf4 Nb6 24. Qe4 g6 25. f4 a5 26. Rd3 Rxd3 27.
cxd3 Ka7 28. Rc1 Qf2 29. a3 Rd8 30. Bxf7 Rd4 31. Qe1 Rxf4 32. Qxf2 Rxf2 33. e6
Nd5 34. Rc5 Ne7 35. Rxa5+ Kb8 36. Ra4 Nf5 37. Bg8 Ng7 38. Re4 Kc7 39. e7 Kd7
40. Bxh7 Ne6 41. Rxe6 1-0

[Event "COMMONWEALTH CHESS CHAMPIONSHI"]
[Site "Nagpur,India"]
[Date "2008.10.06"]
[Round "11.74"]
[White "Atishay, Ajmera"]
[Black "Gahan, M G."]
[Result "0-1"]
[WhiteElo "1931"]
[BlackElo "2114"]
[PlyCount "80"]
[EventDate "2008.09.28"]
[Source "MonRoi"]

1. d4 Nf6 2. Nf3 g6 3. c4 Bg7 4. g3 O-O 5. Bg2 d5 6. cxd5 Nxd5 7. O-O Nb6 8.
Nc3 Nc6 9. e3 e5 10. d5 e4 11. dxc6 Qxd1 12. Rxd1 exf3 13. Bxf3 bxc6 14. Bxc6
Rb8 15. Nd5 Nc4 16. Ne7+ Kh8 17. Nxc8 Rfxc8 18. Rb1 Rd8 19. Rd5 Rxd5 20. Bxd5
Na3 21. Ra1 Rd8 22. Bf3 c5 23. e4 c4 24. Bg5 Rc8 25. Bg4 Re8 26. Re1 Bxb2 27.
e5 h6 28. Bf6+ Kh7 29. Bd7 Rb8 30. Kg2 Bd4 31. e6 Bxf6 32. e7 Bxe7 33. Rxe7 Kg8
34. Ba4 Rc8 35. Re1 Rc5 36. Rc1 c3 37. Kf3 Nc4 38. Ke2 Re5+ 39. Kf3 Nd2+ 40.
Kf4 Re4# 0-1

[Event "COMMONWEALTH CHESS CHAMPIONSHI"]
[Site "Nagpur,India"]
[Date "2008.10.06"]
[Round "11.75"]
[White "Anuja Bombatkar"]
[Black "Prince, Bajaj"]
[Result "0-1"]
[WhiteElo "1927"]
[BlackElo "2111"]
[PlyCount "65"]
[EventDate "2008.09.28"]
[Source "MonRoi"]

1. d4 Nf6 2. Nf3 g6 3. g3 Bg7 4. Bg2 O-O 5. O-O d5 6. Ne5 b6 7. c4 Bb7 8. Nc3
e6 9. f4 Nbd7 10. b3 c5 11. Ba3 cxd4 12. Bxf8 Bxf8 13. Nxd7 Qxd7 14. Nb5 Ng4
15. Qd2 Ne3 16. Nxd4 Nxg2 17. Kxg2 dxc4+ 18. Kf2 Qd5 19. Nf3 Bc5+ 20. Ke1 cxb3
21. Qxd5 Bxd5 22. axb3 Bxb3 23. Nd2 Bd5 24. e4 Bc6 25. Kd1 a5 26. Nb3 Rd8+ 27.
Kc1 Bb4 28. Rd1 Rxd1+ 29. Kxd1 Bxe4 30. Ke2 Bd5 31. Nd4 Kf8 32. Kd3 Ke7 33. Rc1
0-1

[Event "COMMONWEALTH CHESS CHAMPIONSHI"]
[Site "Nagpur,India"]
[Date "2008.10.06"]
[Round "11.76"]
[White "Mehta, Praful"]
[Black "Satvik, M."]
[Result "0-1"]
[WhiteElo "2084"]
[BlackElo "1891"]
[PlyCount "66"]
[EventDate "2008.09.28"]
[Source "MonRoi"]

1. e4 c5 2. Nc3 Nc6 3. g3 g6 4. Bg2 Bg7 5. d3 d6 6. Be3 Rb8 7. Qd2 b5 8. Nge2
b4 9. Nd1 Qb6 10. O-O a5 11. f4 Ba6 12. f5 a4 13. a3 Qa5 14. Nf4 Nf6 15. h3 c4
16. Re1 cxd3 17. Nxd3 Bxd3 18. cxd3 Ne5 19. Bd4 Nfd7 20. Bf2 Qb5 21. d4 Nd3 22.
Rf1 Nxf2 23. Nxf2 Qb6 24. Rfd1 O-O 25. Bf1 Rfc8 26. axb4 Qxb4 27. Qd3 Qxb2 28.
Rxa4 Rc3 29. Qd2 Rxg3+ 30. Kh2 Rgb3 31. fxg6 hxg6 32. Bc4 Qxd2 33. Rxd2 R8b4 {
score sheet is not legible} 0-1

[Event "COMMONWEALTH CHESS CHAMPIONSHI"]
[Site "Nagpur,India"]
[Date "2008.10.06"]
[Round "11.77"]
[White "Sree, Lakshmi V"]
[Black "Gagare, Shardul"]
[Result "1/2-1/2"]
[WhiteElo "1921"]
[BlackElo "2070"]
[PlyCount "55"]
[EventDate "2008.09.28"]
[Source "MonRoi"]

1. d4 d5 2. Nf3 Nf6 3. Bf4 Nbd7 4. e3 c5 5. Nbd2 cxd4 6. exd4 g6 7. Bd3 Bg7 8.
c3 O-O 9. O-O Nh5 10. Bg5 Re8 11. Re1 h6 12. Bh4 Nf4 13. Bc2 Nf8 14. Ne5 Bf5
15. Bxf5 gxf5 16. Qf3 N4g6 17. Bg3 e6 18. h3 Qg5 19. Qd3 h5 20. Ndf3 Qe7 21.
Nxg6 Nxg6 22. Ne5 Nxe5 23. Bxe5 f4 24. g3 fxg3 25. fxg3 Qg5 26. Qf3 f5 27. Re2
Kh7 28. Rae1 1/2-1/2

[Event "COMMONWEALTH CHESS CHAMPIONSHI"]
[Site "Nagpur,India"]
[Date "2008.10.06"]
[Round "11.78"]
[White "Ayush Jugele"]
[Black "Suraj, M."]
[Result "1/2-1/2"]
[WhiteElo "1904"]
[BlackElo "2058"]
[PlyCount "38"]
[EventDate "2008.09.28"]
[Source "MonRoi"]

1. d4 d5 2. Nf3 c6 3. Nbd2 Nf6 4. e3 Bg4 5. c4 e6 6. Be2 Nbd7 7. b3 Bd6 8. Bb2
Qc7 9. h3 Bf5 10. Nh4 Bg6 11. Nxg6 hxg6 12. Qc2 O-O-O 13. c5 Be7 14. b4 e5 15.
a4 e4 16. b5 Nb8 17. Nb3 a6 18. Bc3 Rde8 19. Kd2 Bd8 1/2-1/2

[Event "COMMONWEALTH CHESS CHAMPIONSHI"]
[Site "Nagpur,India"]
[Date "2008.10.06"]
[Round "11.79"]
[White "Srivastava, V K."]
[Black "Mitali, Madhukar Patil"]
[Result "1/2-1/2"]
[WhiteElo "1891"]
[BlackElo "2050"]
[PlyCount "68"]
[EventDate "2008.09.28"]
[Source "MonRoi"]

1. e4 d6 2. d4 Nf6 3. Nc3 e5 4. dxe5 dxe5 5. Qxd8+ Kxd8 6. Bg5 Be6 7. Nf3 Bd6
8. O-O-O Nbd7 9. h3 h6 10. Be3 Ke7 11. a3 c6 12. Bd3 b5 13. g4 Ne8 14. Nh4 g6
15. Ng2 b4 16. axb4 Bxb4 17. f4 Bxc3 18. bxc3 f6 19. Rdf1 Nd6 20. Nh4 Bf7 21.
Nf3 g5 22. fxe5 Nxe5 23. Nd4 h5 24. gxh5 Rxh5 25. Be2 Rh7 26. Nf5+ Nxf5 27.
exf5 Bd5 28. Rh2 a5 29. Re1 Rah8 30. Bb6 Rxh3 31. Rxh3 Rxh3 32. Bxa5 Kf7 33.
Bb4 g4 34. Kb2 Bc4 1/2-1/2

[Event "COMMONWEALTH CHESS CHAMPIONSHI"]
[Site "Nagpur,India"]
[Date "2008.10.06"]
[Round "11.80"]
[White "Hardik Mehta"]
[Black "Shweta, Gole"]
[Result "1-0"]
[WhiteElo "2037"]
[BlackElo "1784"]
[PlyCount "32"]
[EventDate "2008.09.28"]
[Source "MonRoi"]

1. a3 Nf6 2. Nf3 e6 3. g3 d5 4. Bg2 c5 5. O-O Nc6 6. d3 Bd6 7. Nbd2 O-O 8. e4
Qc7 9. Re1 Rd8 10. Qe2 e5 11. c3 Bg4 12. h3 Bh5 13. Nf1 c4 14. Qe3 cxd3 15.
exd5 Na5 16. N1d2 Be7 {Score sheet is not clear-} 1-0

[Event "COMMONWEALTH CHESS CHAMPIONSHI"]
[Site "Nagpur,India"]
[Date "2008.10.06"]
[Round "11.81"]
[White "Devangi, Patankar"]
[Black "Ranasinghe, S D."]
[Result "1-0"]
[WhiteElo "2028"]
[BlackElo "1796"]
[PlyCount "75"]
[EventDate "2008.09.28"]
[Source "MonRoi"]

1. e4 c5 2. Nf3 Nc6 3. d4 cxd4 4. Nxd4 a6 5. Nc3 Nf6 6. Be3 e5 7. Nb3 Bb4 8.
Bc4 O-O 9. Bd5 Nxd5 10. Qxd5 Bxc3+ 11. bxc3 Kh8 12. Bc5 Re8 13. Qxf7 Re6 14.
Qf8+ Qxf8 15. Bxf8 d6 16. Rd1 Rg6 17. Bxd6 Rxg2 18. Rd3 Rg4 19. f3 Rg5 20. Nc5
h6 21. Kf2 Rg6 22. Rg1 Rf6 23. Rb1 b5 24. a4 Bg4 25. axb5 axb5 26. Rxb5 Ra2 27.
Kg3 Bh5 28. Nd7 Rg6+ 29. Kf2 Rxc2+ 30. Ke3 Rgg2 31. Nxe5 Rce2+ 32. Kf4 Nxe5 33.
Bxe5 Rxh2 34. Bxg7+ Kxg7 35. Rd7+ Bf7 36. Rf5 Rc2 37. Rdxf7+ Kg8 38. Rc7 1-0

[Event "COMMONWEALTH CHESS CHAMPIONSHI"]
[Site "Nagpur,India"]
[Date "2008.10.06"]
[Round "11.82"]
[White "Rathore, Sonakshi"]
[Black "Lodhi, Mahmood"]
[Result "0-1"]
[WhiteElo "1838"]
[BlackElo "2379"]
[PlyCount "74"]
[EventDate "2008.09.28"]
[Source "MonRoi"]

1. e4 e5 2. Nf3 Nc6 3. Bb5 a6 4. Bxc6 dxc6 5. O-O f6 6. d4 exd4 7. Nxd4 c5 8.
Nb3 Qxd1 9. Rxd1 Bd6 10. Nc3 Be6 11. Be3 b6 12. Nd5 O-O-O 13. Rd2 Ne7 14. Nxe7+
Bxe7 15. Rad1 Bd6 16. Nc1 Rhe8 17. a3 h6 18. Ne2 g5 19. Nc3 Rd7 20. f3 Be5 21.
Rxd7 Bxd7 22. Nd5 f5 23. exf5 Bxb2 24. f6 Be6 25. c3 Bxd5 26. Rxd5 Bxc3 27. f7
Rf8 28. Rf5 Kd7 29. h4 Ke6 30. g4 gxh4 31. Bxh6 Rxf7 32. Rxf7 Kxf7 33. Bf4 c6
34. Bc1 b5 35. f4 b4 36. axb4 cxb4 37. f5 b3 0-1

[Event "COMMONWEALTH CHESS CHAMPIONSHI"]
[Site "Nagpur,India"]
[Date "2008.10.06"]
[Round "11.84"]
[White "Shah, Dhruv"]
[Black "Shiven, Khosla"]
[Result "0-1"]
[WhiteElo "1791"]
[BlackElo "2141"]
[PlyCount "70"]
[EventDate "2008.09.28"]
[Source "MonRoi"]

1. e4 c5 2. Nf3 d6 3. d4 cxd4 4. Nxd4 Nf6 5. Nc3 g6 6. Be3 Bg7 7. f3 O-O 8. Qd2
Nc6 9. Bc4 Bd7 10. Bb3 Rb8 11. O-O-O Na5 12. h4 b5 13. Kb1 Nc4 14. Bxc4 bxc4
15. Ka1 h5 16. Nd5 Nxd5 17. exd5 Qb6 18. c3 Qa5 19. Bh6 Bxh6 20. Qxh6 Rxb2 21.
Qxf8+ Kxf8 22. Kxb2 Qxd5 23. Rhe1 e5 24. Nc2 Qc5 25. Rd2 Be6 26. Nb4 a5 27. Nc2
f6 28. Rb1 Bf5 29. Ka1 Bd3 30. Rb8+ Ke7 31. Kb2 d5 32. Ne1 Qe3 33. Rd1 d4 34.
Nxd3 Qe2+ 35. Kc1 cxd3 0-1

[Event "COMMONWEALTH CHESS CHAMPIONSHI"]
[Site "Nagpur,India"]
[Date "2008.10.06"]
[Round "11.86"]
[White "Krishna Teja, N."]
[Black "Cholleti, Sahajasri"]
[Result "0-1"]
[WhiteElo "1766"]
[BlackElo "1918"]
[PlyCount "67"]
[EventDate "2008.09.28"]
[Source "MonRoi"]

1. d4 Nf6 2. c4 e6 3. Nc3 Bb4 4. f3 d5 5. Bg5 c6 6. e3 dxc4 7. Bxf6 Qxf6 8.
Bxc4 O-O 9. Nge2 Qg5 10. Kf2 b5 11. Bd3 Bxc3 12. bxc3 Nd7 13. c4 bxc4 14. Bxc4
Nb6 15. Bd3 f5 16. Re1 Rf6 17. Nf4 Qh4+ 18. Kg1 Rh6 19. Nh3 g5 20. Be2 Nd5 21.
Qd2 g4 22. fxg4 fxg4 23. e4 gxh3 24. exd5 hxg2 25. h3 exd5 26. Bh5 Qxh5 27. Re5
Bf5 28. Rxf5 Qxf5 29. Qxh6 Rf8 30. Kxg2 Qe4+ 31. Kg3 Rf3+ 32. Kh2 Rf2+ 33. Kg3
Rf3+ 34. Kh2 0-1

[Event "COMMONWEALTH CHESS CHAMPIONSHI"]
[Site "Nagpur,India"]
[Date "2008.10.06"]
[Round "11.88"]
[White "Rahul, Joshi"]
[Black "Nandhidhaa, P  V."]
[Result "0-1"]
[WhiteElo "1902"]
[BlackElo "1797"]
[PlyCount "118"]
[EventDate "2008.09.28"]
[Source "MonRoi"]

1. e4 c5 2. d4 cxd4 3. c3 dxc3 4. Nxc3 Nc6 5. Nf3 d6 6. Bc4 e6 7. O-O Be7 8.
Qe2 a6 9. Rd1 b5 10. Bb3 Ra7 11. Bf4 Rd7 12. Rac1 Bb7 13. Rd2 Nf6 14. a3 O-O
15. Rcd1 Nh5 16. Be3 Na5 17. Ba2 Nf6 18. b4 Nc6 19. Bg5 Qc7 20. e5 dxe5 21.
Rxd7 Nxd7 22. Ne4 h6 23. Bxe7 Nxe7 24. Bb1 Nd5 25. Qd3 N5f6 26. Nxf6+ Nxf6 27.
Qd2 Bd5 28. h4 Rc8 29. Nh2 Qc3 30. Qe2 Qc4 31. Bd3 Qxh4 32. Qxe5 Ng4 33. Qf4
Qxh2+ 34. Qxh2 Nxh2 35. Kxh2 Kf8 36. Ra1 Rc3 37. Bf1 Bc4 38. Bxc4 Rxc4 39. Kg3
Ke7 40. Kf3 f5 41. Ke3 e5 42. Kd3 Kd6 43. Rh1 e4+ 44. Kd2 Ke5 45. Rh5 Kf6 46.
Rh3 Rc6 47. Rb3 Ke5 48. Rh3 g5 49. Rh1 f4 50. Ra1 Kd4 51. a4 e3+ 52. fxe3+
fxe3+ 53. Kd1 Kd3 54. axb5 axb5 55. g4 Ke4 56. Ke2 Rc2+ 57. Kf1 Kf3 58. Re1 e2+
59. Kg1 Rd2 0-1

[Event "COMMONWEALTH CHESS CHAMPIONSHI"]
[Site "Nagpur,India"]
[Date "2008.10.06"]
[Round "11.91"]
[White "Harini, S."]
[Black "Meghna, C H."]
[Result "1-0"]
[WhiteElo "2070"]
[BlackElo "1729"]
[PlyCount "109"]
[EventDate "2008.09.28"]
[Source "MonRoi"]

1. e4 e5 2. Nf3 Nc6 3. Bb5 Nf6 4. O-O d6 5. d4 exd4 6. Nxd4 Bd7 7. Nc3 Be7 8.
Bxc6 bxc6 9. Bg5 O-O 10. Re1 h6 11. Bh4 Rb8 12. b3 c5 13. Nf3 Bg4 14. Qd3 Qd7
15. e5 Nh7 16. Bxe7 Qxe7 17. exd6 Qxd6 18. Ne4 Qxd3 19. cxd3 Bxf3 20. gxf3 Rbd8
21. Nxc5 Rfe8 22. f4 Nf6 23. Kg2 Kf8 24. Kf3 a5 25. Rac1 g6 26. Rxe8+ Kxe8 27.
Rc4 Rd5 28. Ne4 Nxe4 29. dxe4 Rh5 30. Rxc7 Rxh2 31. Ra7 Rh5 32. e5 Rh1 33. Rxa5
h5 34. b4 h4 35. Kg2 Rb1 36. b5 Rb4 37. Kf3 h3 38. Kg3 h2 39. Kxh2 Rxf4 40. Kg3
Re4 41. f4 Rb4 42. a4 Kd7 43. Ra7+ Ke6 44. Ra6+ Kd7 45. b6 Rb3+ 46. Kg4 Rb4 47.
a5 Rb5 48. Ra7+ Kc6 49. Rc7+ Kd5 50. b7 Ke6 51. a6 Rb6 52. a7 Rxb7 53. Rxb7 f5+
54. exf6 Kxf6 55. a8=Q 1-0

[Event "COMMONWEALTH CHESS CHAMPIONSHI"]
[Site "Nagpur,India"]
[Date "2008.10.06"]
[Round "11.92"]
[White "Devesh, Mukherjee"]
[Black "Naresh Kantode"]
[Result "1-0"]
[WhiteElo "2004"]
[BlackElo "1718"]
[PlyCount "30"]
[EventDate "2008.09.28"]
[Source "MonRoi"]

1. d4 Nf6 2. c4 e6 3. Nc3 Bb4 4. e3 O-O 5. Bd3 b6 6. Nge2 Bb7 7. O-O d5 8. cxd5
exd5 9. Qc2 g6 10. a3 Be7 11. Rd1 Nbd7 12. Nf4 c5 13. Qe2 cxd4 14. exd4 Re8 15.
g3 Ne4 {Score Sheet is not legible} 1-0

[Event "COMMONWEALTH CHESS CHAMPIONSHI"]
[Site "Nagpur,India"]
[Date "2008.10.06"]
[Round "11.93"]
[White "Raghav, srivathsav V"]
[Black "Dave, Shiv Shankar"]
[Result "0-1"]
[WhiteElo "1686"]
[BlackElo "1959"]
[PlyCount "78"]
[EventDate "2008.09.28"]
[Source "MonRoi"]

1. d4 Nf6 2. c4 e5 3. dxe5 Ng4 4. Nf3 Bc5 5. e3 Nc6 6. Be2 O-O 7. h3 Ngxe5 8.
Nxe5 Nxe5 9. O-O d6 10. Nc3 a6 11. Kh1 Bd7 12. f4 Ng6 13. f5 Ne5 14. e4 Qh4 15.
Bf4 Bc6 16. Bxe5 dxe5 17. Bg4 Rad8 18. Qf3 Rd2 19. Rab1 Rfd8 20. Nd5 Bxd5 21.
cxd5 Bb6 22. f6 g6 23. g3 Qh6 24. h4 Rc2 25. Rbd1 Qe3 26. Qxe3 Bxe3 27. Be6
Rxb2 28. Rd3 Bb6 29. a3 Re2 30. Bf5 gxf5 31. Rxf5 Rxe4 32. Rg5+ Kh8 33. Rg7 Rd7
34. Rf3 Re2 35. Rf5 Rxd5 36. Rf1 Rd7 37. Rf2 Rxf2 38. Kg1 Rxf6+ 39. Kh1 Rf1+
0-1